00421 a2200109 4500001001000000005001700010008004100027245006700068100002800135773013100163999001700294ART_1744120260410161820.0260409a 10aAnálisis de las modificaciones al Régimen Penal Tributario1 aSemachowicz, Esteban D.0 tDoctrina Penal Tributaria y EconómicagEdición especial : Reforma de la Ley Penal Tributaria - Nº 22 (feb. 2012)wREV4317 c22272d22272